[Event "Let's Play Chess!"]
[Site "http://www.queenalice.com/game.php?id=126011"]
[Date "2006.11.6"]
[Round "-"]
[White "gsespen"]
[Black "toutey"]
[Result "0-1"]
[WhiteElo "1500"]
[BlackElo "1157"]

1. Nf3 Nf6 2. c3 d5 3. Na3 e6 4. Qa4+ Bd7 5. Nb5 a6 6. Qa5 Bxb5 7. e4 b6 8.
Bxb5+ c6 9. Bxc6+ Nxc6 10. Qa4 b5 11. Qc2 dxe4 12. Ng5 Qd5 13. h4 Bd6 14. b3 Ne5
15. Kd1 O-O 16. Re1 Nd3 17. c4 Qd4 18. Qc3 Qxc3 19. dxc3 Nxe1 20. Kxe1 bxc4 21.
bxc4 Rac8 22. h5 h6 23. Nh3 Be5 24. Bd2 Rxc4 25. Rc1 Nxh5 26. f3 exf3 27. gxf3
Rfc8 28. Nf2 Bxc3 29. Ne4 Bxd2+ 30. Kxd2 Rxc1 31. a3 R8c6 32. Nd6 Rxd6+ 33. Kxc1
g5 34. a4 f5 35. Kc2 g4 36. a5 gxf3 37. Kb2 f2 38. Ka1 Rd2 39. Kb1 f1=R# 0-1

[Event "Challenge"]
[Site "http://www.queenalice.com/game.php?id=135932"]
[Date "2006.12.1"]
[Round "-"]
[White "glauco_marcal"]
[Black "gsespen"]
[Result "0-1"]
[WhiteElo "1221"]
[BlackElo "1129"]

1. d4 Na6 2. Qd3 c5 3. dxc5 Nxc5 4. Qc4 e6 5. Qxc5 Bxc5 6. Bf4 Qb6 7. Bg3 Nf6 8.
Nc3 Qxb2 9. Rd1 Qxc3+ 10. Rd2 Qa1+ 11. Rd1 Bb4+ 0-1

[Event "Challenge"]
[Site "http://www.queenalice.com/game.php?id=139692"]
[Date "2006.12.11"]
[Round "-"]
[White "gsespen"]
[Black "Lald"]
[Result "1-0"]
[WhiteElo "1366"]
[BlackElo "1386"]

1. c4 e5 2. d4 exd4 3. Qxd4 Nc6 4. Qf4 Nf6 5. Nc3 Bc5 6. Nd5 Nxd5 7. cxd5 Nb4 8.
Qc4 d6 9. Be3 b6 10. a3 Na6 11. b4 Bxe3 12. fxe3 O-O 13. e4 Bd7 14. Qxa6 Qe7 15.
Qd3 f5 16. Qc3 Rac8 17. Nf3 fxe4 18. Nd4 c5 19. Nc6 Bxc6 20. dxc6 Rxc6 21. Qd2
Qf6 22. Rb1 cxb4 23. Qd5+ Rf7 24. Qxc6 Qf2+ 25. Kd2 Qf4+ 26. e3 Qf2+ 27. Kd1
Qxe3 28. Rxb4 Qxa3 29. Bc4 Qxb4 30. Qc8# 1-0

[Event "bored in drafting class"]
[Site "http://www.queenalice.com/game.php?id=142222"]
[Date "2006.12.15"]
[Round "-"]
[White "gsespen"]
[Black "ArionnOlsen"]
[Result "1-0"]
[WhiteElo "1494"]
[BlackElo "1573"]

1. b4 e5 2. c3 Nf6 3. Qa4 g6 4. Nf3 a6 5. Nxe5 b5 6. Qb3 d5 7. d3 Qd6 8. d4 Bg7
9. g4 Bxg4 10. e4 Nxe4 11. Nxg4 Nd7 12. Bh6 Bxh6 13. Nxh6 c6 14. f3 Ng5 15. Qd1
Qf4 16. Qe2+ Kd8 17. Kf2 Re8 18. Qd2 Qxf3+ 19. Kg1 Ne4 20. Qe1 Qf4 21. Nxf7+
Qxf7 22. Nd2 Nxc3 23. Qh4+ Kc8 24. Bh3 Rf8 25. Rf1 Ne2+ 26. Kg2 Qe8 27. Rxf8
Qxf8 28. Qg4 Nf4+ 29. Kg3 Nxh3 30. Qxh3 h5 31. Rf1 Qe7 32. a3 Kc7 33. Nf3 Nf6
34. Ng5 1-0

[Event "I wish I could play chess"]
[Site "http://www.queenalice.com/game.php?id=143310"]
[Date "2006.12.19"]
[Round "-"]
[White "gsespen"]
[Black "castle_king"]
[Result "1-0"]
[WhiteElo "1450"]
[BlackElo "1167"]

1. c4 Nc6 2. Qa4 d6 3. g3 b6 4. Qxc6+ Bd7 5. Qf3 c5 6. Nc3 e5 7. Nd5 Nh6 8. Nc7+
Qxc7 9. Qxa8+ Qd8 10. Qxa7 Nf5 11. Qb7 Qc8 12. Qxb6 Qc6 13. Qb8+ Qc8 14. Qxc8+
Bxc8 15. Bh3 Ba6 16. Bxf5 Bxc4 17. a4 Be7 18. a5 O-O 19. a6 Ra8 20. a7 Bd8 21.
Bd7 Rb8 22. axb8=Q Kf8 23. Qxd8# 1-0

[Event "The ultimate chess smackdown!"]
[Site "http://www.queenalice.com/game.php?id=145732"]
[Date "2006.12.24"]
[Round "-"]
[White "gsespen"]
[Black "eductx"]
[Result "0-1"]
[WhiteElo "1469"]
[BlackElo "2005"]

1. c4 e5 2. Nc3 Nf6 3. d4 exd4 4. Qxd4 Nc6 5. Qe3+ Qe7 6. Nd5 Nxd5 7. cxd5 Qxe3
8. Bxe3 Nb4 9. Rd1 Nc2+ 10. Kd2 Nxe3 11. Kxe3 Bc5+ 12. Kd2 d6 13. e3 O-O 14. Rb1
Bf5 15. Bd3 Bg6 16. b4 Bb6 17. a4 c6 18. dxc6 bxc6 19. Rc1 Bxd3 20. Kxd3 c5 21.
a5 Bc7 22. a6 Rfd8 23. Nf3 Bb6 24. b5 Rab8 25. Rb1 f6 26. Rhd1 d5 27. Ke2 Kf7
28. g4 h6 29. h4 Rd6 30. g5 hxg5 31. hxg5 Re8 32. Nh4 fxg5 33. Nf5 Rf6 34. Rxd5
Rc8 35. Nd6+ Ke6 36. Nxc8 Kxd5 37. Rd1+ Kc4 38. Rd6 Kxb5 39. Rxf6 gxf6 40. Nxb6
Kxb6 41. Kd3 Kxa6 42. Kc4 Kb6 43. e4 Kc6 0-1

[Event "AUTO-BEG-55"]
[Site "http://www.queenalice.com/game.php?id=148457"]
[Date "2006.12.31"]
[Round "1"]
[White "oleonearm"]
[Black "gsespen"]
[Result "1-0"]
[WhiteElo "1238"]
[BlackElo "1521"]

1. d4 d5 2. c4 Nc6 3. Nc3 dxc4 4. Nf3 Nb4 5. a3 Nd5 6. Nxd5 Qxd5 7. e3 b5 8. Be2
Bg4 9. O-O Rd8 10. g3 Nf6 11. Bd2 Ne4 12. Ba5 Ng5 13. Nxg5 Qxg5 14. Bxg4 e5 15.
Bxc7 Be7 16. Bxd8 Bxd8 17. dxe5 Qxe5 18. Qd7+ 1-0

[Event "AUTO-BEG-55"]
[Site "http://www.queenalice.com/game.php?id=148458"]
[Date "2006.12.31"]
[Round "1"]
[White "gsespen"]
[Black "oleonearm"]
[Result "1-0"]
[WhiteElo "1293"]
[BlackElo "1185"]

1. Nf3 Nf6 2. c4 e6 3. g3 a6 4. Qa4 Nc6 5. a3 Bd6 6. b4 O-O 7. d4 e5 8. c5 Be7
9. dxe5 Ng4 10. b5 Nb8 11. Qxg4 Bxc5 12. Bh6 Qf6 13. exf6 1-0

[Event "AUTO-BEG-55"]
[Site "http://www.queenalice.com/game.php?id=148473"]
[Date "2006.12.31"]
[Round "1"]
[White "walbert"]
[Black "gsespen"]
[Result "0-1"]
[WhiteElo "1297"]
[BlackElo "1499"]

1. e4 c5 2. d4 d5 3. Nc3 dxe4 4. Nxe4 Qxd4 5. Qxd4 cxd4 6. Bb5+ Bd7 7. Bxd7+
Nxd7 8. Nf3 e5 9. O-O Ngf6 10. Nxf6+ gxf6 11. b3 b5 12. a4 b4 13. Bd2 f5 14.
Rfe1 a5 15. Nxe5 Bg7 16. Nxd7+ Kxd7 17. Bf4 d3 18. cxd3 Bxa1 19. Rxa1 Rhe8 20.
g3 Rac8 21. Be3 Rc3 22. Bb6 Ra8 23. d4 Kc6 24. Bc5 Rxb3 25. Rc1 Kd5 26. Kg2 Ra3
27. Re1 f6 28. Re7 Rxa4 29. Rxh7 Rb8 0-1

[Event "AUTO-BEG-55"]
[Site "http://www.queenalice.com/game.php?id=148474"]
[Date "2006.12.31"]
[Round "1"]
[White "gsespen"]
[Black "walbert"]
[Result "1-0"]
[WhiteElo "1469"]
[BlackElo "1306"]

1. Nc3 b6 2. e4 e5 3. Nf3 Nc6 4. d4 exd4 5. Nxd4 Bc5 6. Nf5 Bd4 7. Nxd4 Nxd4 8.
Qxd4 f6 9. e5 Bb7 10. Qg4 g5 11. exf6 Qxf6 12. Bxg5 Qg6 13. Qe2+ Kf8 14. Qe5 Re8
15. Bf4 Rxe5+ 16. Bxe5 Nf6 17. Bd3 Qxg2 18. O-O-O Kf7 19. Rdg1 Qxf2 20. Bxf6
Qxf6 21. Rf1 Bf3 22. Rxf3 Qxf3 23. Rf1 Qxf1+ 24. Bxf1 d6 25. Nb5 c5 26. Nxd6+
Ke6 27. Ne4 Rf8 28. Ng5+ Kd6 29. Be2 Rf2 30. Ne4+ 1-0

[Event "AUTO-BEG-55"]
[Site "http://www.queenalice.com/game.php?id=148483"]
[Date "2006.12.31"]
[Round "1"]
[White "joeuno"]
[Black "gsespen"]
[Result "0-1"]
[WhiteElo "1156"]
[BlackElo "1530"]

1. d4 d5 2. Bf4 e6 3. e3 Bd6 4. Nc3 Bxf4 5. exf4 Qd6 6. Qe2 Nc6 7. O-O-O Qxf4+
8. Kb1 Nxd4 9. Nh3 Nxe2 10. Nxf4 Nxf4 11. Bb5+ c6 12. Ba4 a5 13. g3 Nh3 14. Rhe1
b5 15. Bxb5 cxb5 16. Nxb5 Rb8 17. Nd6+ Ke7 18. Rxd5 Kd7 19. Nxf7+ exd5 20. Nxh8
Nh6 21. Re5 Bb7 22. f4 Rxh8 23. f5 Re8 24. Re6 g5 25. Rxh6 Re1# 0-1

[Event "AUTO-BEG-55"]
[Site "http://www.queenalice.com/game.php?id=148484"]
[Date "2006.12.31"]
[Round "1"]
[White "gsespen"]
[Black "joeuno"]
[Result "1-0"]
[WhiteElo "1488"]
[BlackElo "1156"]

1. c4 Nf6 2. Qa4 Nc6 3. b4 d5 4. b5 Nd4 5. e3 Nf5 6. c5 Nd7 7. c6 Nc5 8. Qc2 Ne4
9. f3 Ned6 10. Qa4 bxc6 11. bxc6 e6 12. e4 Nh6 13. Nc3 Be7 14. Nb5 dxe4 15.
Nxd6+ Qxd6 16. Qb3 Qxc6 17. Bb5 Qxb5 18. Qxb5+ Kf8 19. fxe4 Ng4 20. Rb1 e5 21.
Qc6 Bf5 22. Qxa8+ 1-0

[Event "Let's Play Chess!"]
[Site "http://www.queenalice.com/game.php?id=154608"]
[Date "2007.1.16"]
[Round "-"]
[White "gsespen"]
[Black "hugo10"]
[Result "1-0"]
[WhiteElo "1452"]
[BlackElo "1443"]

1. c4 e5 2. Qa4 Nf6 3. b4 c6 4. Nc3 b5 5. cxb5 Qc7 6. g3 Bb7 7. f3 e4 8. Nxe4
cxb5 9. Qxb5 a6 10. Nxf6+ gxf6 11. Qh5 Bg7 12. d3 Qc3+ 13. Kf2 Qxa1 14. Bh6 Bxh6
15. Qxh6 Qxa2 16. Qxf6 Rg8 17. Nh3 Nc6 18. Ng5 Nd8 19. Ne4 Rg6 20. Qe5+ Ne6 21.
Nd6+ Ke7 22. Nxb7 Rc8 23. f4 Qb3 24. Nd6 Rc1 25. Bg2 Rc2 26. Bf3 Qxb4 27. f5 Rf6
28. fxe6 fxe6 29. Ne4 Rf7 30. Qg5+ Ke8 31. Qe5 d6 32. Nxd6+ Ke7 33. Nxf7 Kxf7
34. Qe4 Qc5+ 35. Qe3 Qf5 36. Qa7+ Kf6 37. Qxa6 Qe5 38. Qa4 Qc5+ 39. d4 Qc7 40.
Be4 Rc4 41. Qa1 Qb6 42. Rc1 Rxd4 43. e3 e5 44. exd4 exd4 45. Rc6+ Qxc6 46. Bxc6
Ke5 47. Ke2 Kd6 48. Be4 h5 49. Qxd4+ Ke6 50. Qd5+ Kf6 51. Qf5+ Ke7 52. Qe5+ Kf7
53. h3 Kf8 54. Qf6+ Ke8 55. Bg6+ Kd7 56. g4 hxg4 57. hxg4 Kc7 58. Bf5 Kb7 59. g5
Kc7 60. g6 Kb7 61. g7 Kc7 62. g8=Q 1-0

[Event "The Chess Smackdown: Part Deux"]
[Site "http://www.queenalice.com/game.php?id=163690"]
[Date "2007.2.5"]
[Round "-"]
[White "gsespen"]
[Black "piemme"]
[Result "0-1"]
[WhiteElo "1551"]
[BlackElo "1628"]

1. c4 e5 2. Qa4 Na6 3. a3 Nc5 4. Qc2 d6 5. b4 Ne6 6. e3 Ne7 7. Nf3 a5 8. b5 b6
9. d4 exd4 10. Nxd4 Nxd4 11. exd4 Bf5 12. Bd3 Bxd3 13. Qxd3 Qd7 14. Nc3 Qg4 15.
Qf3 Qxf3 16. gxf3 Nf5 17. Bb2 Nxd4 18. Nd5 Ne6 19. O-O h6 20. Rfe1 Kd8 21. Nf6
Be7 22. Ng4 Bg5 23. Rad1 Kc8 24. Bc1 Bxc1 25. Rxc1 Nd4 26. Rc3 f5 27. Ne3 Nxf3+
28. Kf1 Nxe1 29. Kxe1 Kb7 30. Nxf5 Rae8+ 31. Kf1 g5 32. h4 gxh4 33. Nxh4 Re4 34.
Nf5 h5 35. Rh3 Rxc4 36. Ng7 Rc1+ 37. Ke2 Ra1 38. Rc3 h4 39. Ne6 h3 40. Rxc7+ Kb8
41. Rd7 h2 42. Rd8+ Rxd8 43. Nxd8 h1=Q 0-1

[Event "Let's Play Chess!"]
[Site "http://www.queenalice.com/game.php?id=164024"]
[Date "2007.2.5"]
[Round "-"]
[White "gsespen"]
[Black "flu"]
[Result "1-0"]
[WhiteElo "1532"]
[BlackElo "1408"]

1. c4 e5 2. Qa4 Nc6 3. a3 b6 4. b4 Bb7 5. b5 Nd4 6. e3 Ne6 7. Qc2 Nf6 8. Qc3 e4
9. f4 Nc5 10. d4 Na4 11. Qc2 Nc5 12. dxc5 Bxc5 13. Nc3 Ng4 14. Nxe4 Bxe3 15.
Bxe3 Nxe3 16. Qe2 Qe7 17. Qxe3 Bxe4 18. Nf3 f6 19. Nd2 f5 20. Rg1 O-O-O 21. g4
g6 22. gxf5 gxf5 23. Nxe4 fxe4 24. Bg2 Rhg8 25. Kf1 Qf6 26. Qxe4 Qxa1+ 27. Kf2
Qf6 28. Qb7# 1-0

[Event "Challenge"]
[Site "http://www.queenalice.com/game.php?id=167737"]
[Date "2007.2.12"]
[Round "-"]
[White "gsespen"]
[Black "toutey"]
[Result "0-1"]
[WhiteElo "1514"]
[BlackElo "1494"]

1. c4 e5 2. Qa4 Nc6 3. a3 a5 4. b4 b6 5. b5 Nce7 6. g3 Bb7 7. f3 Ng6 8. Nh3 f5
9. Rg1 Bc5 10. e3 Bxf3 11. Bg2 Bxg2 12. Rxg2 Nf6 13. Qc2 e4 14. d3 exd3 15. Qxd3
Ne4 16. g4 Qh4+ 17. Nf2 Nxf2 18. Rxf2 Qxg4 19. Rxf5 Qg1+ 20. Kd2 Qxh2+ 21. Kc3
O-O-O 22. Qe4 Kb8 23. a4 Rde8 24. Qd5 Ne7 25. Qxd7 Nxf5 26. Qxf5 Qe5+ 27. Qxe5
Rxe5 28. Kd3 h5 29. Ra2 Rd8+ 30. Ke2 Rf5 31. Nc3 h4 32. Ke1 Bb4 33. Rc2 h3 34.
Bb2 Rg5 35. Rh2 Bxc3+ 36. Bxc3 Rg1+ 37. Kf2 Rc1 38. Bxg7 Rg8 39. Bd4 Rc2+ 0-1

[Event "Invite to Play"]
[Site "http://www.queenalice.com/game.php?id=171457"]
[Date "2007.2.20"]
[Round "-"]
[White "gsespen"]
[Black "KEpstein"]
[Result "1-0"]
[WhiteElo "1490"]
[BlackElo "1360"]

1. Nf3 f5 2. c3 e6 3. Qa4 Nc6 4. Nd4 a6 5. d3 Rb8 6. b4 b5 7. Nxc6 dxc6 8. Qc2
Nf6 9. Bg5 h6 10. Bxf6 Qxf6 11. e4 f4 12. Be2 h5 13. a4 Qg5 14. Bf3 Bd6 15. h4
Qg6 16. d4 e5 17. Na3 Bg4 18. Bxg4 Qxg4 19. f3 Qg3+ 20. Qf2 Qg6 21. dxe5 Bxe5
22. Rc1 bxa4 23. Qc5 Rb6 24. Qxe5+ Kf8 25. Qxc7 Qxg2 26. Qxb6 Qxh1+ 27. Kd2 Qg2+
28. Ke1 Qh1+ 29. Kd2 Qg2+ 30. Ke1 Qg3+ 31. Kd2 Kg8 32. Qxa6 Kh7 33. Qxc6 Qf2+
34. Kd3 Qxf3+ 35. Kc2 Rd8 36. Qxa4 Qxe4+ 37. Kb3 Qe3 38. Qa5 Qd2 39. Qxh5+ Kg8
40. Qg5 Rd5 41. Nc4 Qd3 42. Qxf4 Rf5 43. Qd2 Qf3 44. Re1 1-0

[Event "Challenge"]
[Site "http://www.queenalice.com/game.php?id=175146"]
[Date "2007.2.28"]
[Round "-"]
[White "BboyH"]
[Black "gsespen"]
[Result "1-0"]
[WhiteElo "1643"]
[BlackElo "1531"]

1. e4 e5 2. Nf3 d6 3. h3 g5 4. g4 h5 5. gxh5 g4 6. Ng1 Qh4 7. d4 g3 8. Nf3 gxf2+
9. Ke2 Qxh5 10. Kxf2 Bg4 11. Bg2 Bxf3 12. Bxf3 Qh4+ 13. Kf1 Qg3 14. d5 Rxh3 15.
Rxh3 Qxh3+ 16. Bg2 Qg3 17. Nc3 Nf6 18. Bd2 Nbd7 19. b4 a5 20. Nb5 Rc8 21. bxa5
Nxe4 22. Bxe4 Qh3+ 23. Bg2 Qh4 24. Qe2 Qd4 25. Nxd4 1-0

[Event "AUTO-BEG-55"]
[Site "http://www.queenalice.com/game.php?id=204121"]
[Date "2007.4.30"]
[Round "2"]
[White "gsespen"]
[Black "javierqz"]
[Result "0-1"]
[WhiteElo "1524"]
[BlackElo "2057"]

1. Nf3 d5 2. d4 Nf6 3. g3 Nc6 4. Bg2 Bf5 5. Nc3 Nb4 6. O-O Bxc2 7. Qd2 Bf5 8.
Nxd5 Nbxd5 9. Nh4 Bd7 10. e4 Nb6 11. e5 Nfd5 0-1

[Event "AUTO-BEG-55"]
[Site "http://www.queenalice.com/game.php?id=204122"]
[Date "2007.4.30"]
[Round "2"]
[White "javierqz"]
[Black "gsespen"]
[Result "1-0"]
[WhiteElo "2055"]
[BlackElo "1524"]

1. e4 e5 2. Nc3 Nf6 3. f4 d6 4. Nf3 g6 5. Bc4 Bg4 6. O-O d5 7. Nxd5 Nxe4 8. fxe5
b5 9. Bb3 Bh6 10. d3 Bxc1 11. Rxc1 Ng5 12. Nf6+ Kf8 13. Nxg4 1-0